Normal view
MARC view
Entry Personal Name
001 - CONTROL NUMBER
- control field: 18086
003 - CONTROL NUMBER IDENTIFIER
- control field: BD-RjUL
005 - DATE AND TIME OF LATEST TRANSACTION
- control field: 20260408155027.0
008 - FIXED-LENGTH DATA ELEMENTS
- fixed length control field: 260408|| aca||aabn | a|a d
040 ## - CATALOGING SOURCE
- Original cataloging agency: BD-RjUL
- Transcribing agency: BD-RjUL
100 ## - HEADING--PERSONAL NAME
- Personal name: Noreen, Eric W
670 ## - SOURCE DATA FOUND
- Source citation: Work cat.: (BD-RjUL)86341: Garrison, Ray H. 51927, Managerial accounting /, c2018 [reprinting 2024]